000 00914cam a22002655a 4500
001 L154781
002 18963
008 120118s2011 xxk f 000 0 eng d
020 _a9780727757050
035 _a(Sirsi) u154781
041 0 _aeng
050 0 4 _aBASEMENT
100 1 _aHaidar, Ali
245 0 0 _aDelay and disruption claims in construction
_ba practical approach
260 _aLondon
_bThomas Telford
_c2011
350 _a37.50
520 _aDetails delay and disruption claims in construction within technical, contractual and legal parameters. Includes information on assessment techniques, guidance on presenting different claims, methods for calculating costs and case studies.
520 _aSuperseded by 3 ed ISBN 9780727761973
521 _aS
590 _aKA
651 4 _aEngland and Wales
_y1543-
690 _aConstruction management
_96230
700 1 _aBarnes, Peter
942 _n0
999 _c113148
_d113148